00614nam a22002057a 450000500170000001000130001702000230003003500130005303700160006604000120008208200170009410000150011124500760012626000460020227000760024830000260032450000190035065000230036965000160039220170124105911.0 aB-220664 c350.00a8177330535 aB-220664 bCen Lib/Ret aDPLbEN a303.445bDAS aDas, P. K. aUniversal's handbook the right to information act 2005 /cby P. K. Das aNew DelhibUniversal Law Publishingc2007 aC-FF-1A, Dikhush Industrial Estate, G.T. Karnal RoadbNew Delhie110033 axi, 460p. c24cm(pbk) aIncludes index aFundamental Rights aIndian Acts